The theory of monopolistic competition : (Record no. 45312)
[ view plain ]
| 000 -LEADER | |
|---|---|
| fixed length control field | 00968nam a2200289 a 4500 |
| 001 - CONTROL NUMBER | |
| control field | 45312 |
| 003 - CONTROL NUMBER IDENTIFIER | |
| rucl marc code | BD-RjUL |
| 005 - DATE AND TIME OF LATEST TRANSACTION | |
| control field | 20211209054008.0 |
| 008 - FIXED-LENGTH DATA ELEMENTS--GENERAL INFORMATION | |
| fixed length control field | 160725s1962 maua b 001 0 eng |
| 035 ## - SYSTEM CONTROL NUMBER | |
| System control number | (BD-RjUL)45430 |
| 040 ## - CATALOGING SOURCE | |
| Original cataloging agency | DLC |
| Transcribing agency | DLC |
| Modifying agency | m.c |
| -- | BD-RjUL |
| Language of cataloging | eng |
| 041 ## - LANGUAGE CODE | |
| Language code of text/sound track or separate title | eng |
| 082 ## - DEWEY DECIMAL CLASSIFICATION NUMBER | |
| Edition number | 23 |
| Classification number | 330.162 |
| Author mark and year | CHT 1962 |
| 100 1# - MAIN ENTRY--PERSONAL NAME | |
| Personal name | Chamberlin, Edward Hastings |
| 9 (RLIN) | 138749 |
| 245 04 - TITLE STATEMENT | |
| Title | The theory of monopolistic competition : |
| Remainder of title | a re-orientation of the theory of value / |
| Statement of responsibility, etc. | Edward Hastings Chamberlin |
| 250 ## - EDITION STATEMENT | |
| Edition statement | 8th ed. |
| 260 ## - PUBLICATION, DISTRIBUTION, ETC. (IMPRINT) | |
| Place of publication, distribution, etc. | Cambridge, Mass : |
| Name of publisher, distributor, etc. | Harvard University Press, |
| Date of publication, distribution, etc. | c1962. |
| 300 ## - PHYSICAL DESCRIPTION | |
| Pagination | xiv, 396 p. : |
| Illustrations | ill. ; |
| Size | 22 cm. |
| 490 1# - SERIES STATEMENT | |
| Series statement | Harvard economic studies ; |
| Volume/sequential designation | v. 38 |
| 504 ## - BIBLIOGRAPHY, ETC. NOTE | |
| Bibliography, etc | Include bibliography and index. |
| 650 #0 - SUBJECT ADDED ENTRY--TOPICAL TERM | |
| Topical term or geographic name as entry element | Value |
| 9 (RLIN) | 138783 |
| Topical term or geographic name as entry element | Monopolistic competition. |
| 9 (RLIN) | 138784 |
| Topical term or geographic name as entry element | Prices |
| 9 (RLIN) | 138785 |
| Topical term or geographic name as entry element | Economics, Mathematical |
| 9 (RLIN) | 138786 |
| 830 #0 - SERIES ADDED ENTRY--UNIFORM TITLE | |
| Uniform title | Harvard economic studies ; |
| Volume number/sequential designation | v. 38. |
| 942 ## - ADDED ENTRY ELEMENTS (KOHA) | |
| Source of classification or shelving scheme | Dewey Decimal Classification |
| Koha item type | Books |
| Lost status | Source of classification or shelving scheme | Damaged status | Not for loan | Collection code | Permanent Location | Current Location | Shelving location | Date acquired | Source of acquisition | Cost, normal purchase price | Total Checkouts | Full call number | Date last seen | Copy number | Koha item type |
|---|---|---|---|---|---|---|---|---|---|---|---|---|---|---|---|
| Dewey Decimal Classification | Non-fiction | Central Library, University of Rajshahi | Central Library, University of Rajshahi | 10/11/1965 | zeitlinger | 35.00 | 330.162 CHT 1962 | 25/07/2016 | C-2 | Books | |||||
| Dewey Decimal Classification | Non-fiction | Central Library, University of Rajshahi | Central Library, University of Rajshahi | 25/11/1966 | zeitlinger | 96.00 | 330.162 CHT 1962 | 25/07/2016 | C-3 | Books | |||||
| Dewey Decimal Classification | Non-fiction | Central Library, University of Rajshahi | Central Library, University of Rajshahi | 10/11/1965 | zeitlinger | 35.00 | 330.162 CHT 1962 | 25/07/2016 | C-4 | Books |